Welcome to the Holygrace Academy Library

Please use search bar below to get started

ENVIRONMENTAL POLLUTION (Record no. 1481)

MARC details
000 -LEADER
fixed length control field 00412nam a22001577a 4500
020 ## - INTERNATIONAL STANDARD BOOK NUMBER
ISBN 81-7319-651-6
082 ## - DEWEY DECIMAL CLASSIFICATION NUMBER
Classification number 363-73
Item number RAN/E
100 ## - MAIN ENTRY--AUTHOR NAME
Personal name RANA, S.V.S
245 ## - TITLE STATEMENT
Title ENVIRONMENTAL POLLUTION
Remainder of title SOCIAL SCIENCE
246 ## - VARYING FORM OF TITLE
Title proper/short title ENVIRONMENTAL POLLUTION
Remainder of title SOCIAL SCIENCE
260 ## - PUBLICATION, DISTRIBUTION, ETC. (IMPRINT)
Place of publication NEW DELHI
Name of publisher NAROSA PUBLISHING HOUSE
Year of publication 2006
300 ## - PHYSICAL DESCRIPTION
Number of Pages 269
520 ## - SUMMARY, ETC.
Summary, etc SOCIAL SCIENCE
650 ## - SUBJECT ADDED ENTRY--TOPICAL TERM
Topical Term SOCIAL SCIENCE
942 ## - ADDED ENTRY ELEMENTS (KOHA)
Koha item type Books
Holdings
Withdrawn status Lost status Collection code Home library Current library Shelving location Date acquired Source of acquisition Cost, normal purchase price Full call number Accession Number Koha item type
    Reference Main Library Main Library SHELF-5 G REFERENCE SOCIAL SCIENCE 31/03/2006 Purchase 330.00 363-73 RAN/E 02297 Books